Music Quiz

Random Music Quiz

Daft Punk, Harder Better Faster Stronger Quiz Stats

 Plays Quiz not verified by Sporcle

Also try: ABCD in Music
Challenge
Share
Tweet
Embed
Score 0/22 Timer 01:00
0 Plays Today
Word % Correct
Work
97.3%
It
95.8%
Harder
80.5%
Make
77.8%
It
77.8%
Better
76.6%
It
76.6%
Faster
76.2%
Do
75.1%
Us
72%
Stronger
72%
Word % Correct
Makes
71.6%
More
53.3%
Than
52.1%
Ever
50.6%
Work
49.8%
Is
49%
Never
49%
Over
49%
Our
48.7%
After
47.9%
Hour
46.7%

You're not logged in!

Compare scores with friends on all Sporcle quizzes.
Join for Free
OR
Log In

You Might Also Like...

Show Comments

Extras

Created Feb 19, 2010ReportNominate
Tags:better, daft, Daft Punk, faster, punk, stronger

Top Quizzes Today


Score Distribution

Your Account Isn't Verified!

In order to create a playlist on Sporcle, you need to verify the email address you used during registration. Go to your Sporcle Settings to finish the process.

Report this User

Report this user for behavior that violates our Community Guidelines.

Details: